Oracle: (Registro nro. 13941)

Detalles MARC
000 -Cabecera
Campo de control interno 00493nam a2200181Ia 4500
005 - Fecha y hora del registro
control field 20260306164838.0
008 - Elementos de Longitud Fija
fixed length control field 260306t1996||||xx |||||||||||||| ||spa||
041 ## - Idioma
Codigo Idioma ESP
082 ## - DEWEY y NOTACIÓN INTERNA
Dewey S 005.74
Notación Interna A12
100 ## - AUTOR
Autor denominación Abbey, Michael
Término de relación autor
245 #0 - TÍTULO DE MATERIAL BIBLIOGRÁFICO
Título Oracle:
Título paralelo Guía de aprendizaje: una completa introducción para los usuarios recién llegados
260 ## - CIUDAD, EDITORIAL, AÑO
Año 1996
300 ## - DESCRIPCIÓN
N° Páginas xxvi, 480 páginas :
Dimensiones 24 cm.
650 ## - TEMAS
Temas Generalidades
654 ## - PROGRAMAS
Programa
942 ## - ELEMENTOS DE KOHA
Tipo de documento Libro
Nombre del creador Justo Noguera
Código de catalogador Justo Noguera
Esquema de clasificación Dewey Decimal Classification
Suppress in OPAC
Existencias
Codigo completo Registro Colección Copia número Disponibilidad Tipo de préstamo Biblioteca Actual Procedencia (Biblioteca) Ubicacón Fecha Ingreso Tipo de Adquisición Date last seen Total checkouts Price effective from Tipo de Item Estado del Material Fuente de Clasificación Damaged status Withdrawn status
S 005.74 A12 U0003823 Universidad Católica San Pablo 1 Disponible Disponible Víctor Andrés Belaunde Víctor Andrés Belaunde Segundo piso 03/06/2026 Compra 06/03/2026   06/03/2026 Libro Bueno Dewey Decimal Classification